000 00507nam a2200193Ia 4500
008 151121s9999||||xx |||||||||||||| ||und||
082 _a144/ROY
082 _bHNW-58413
100 _aRoy M। N।
245 _a"Reason, Romanticism & Revolution"
260 _b"Ajanta Pub।, Delhi।"
260 _c--
300 _a540
600 _aRoy M। N।
630 _a"Reason, Romanticism & Revolution"
700 _aRoy M। N।
730 _a"Reason, Romanticism & Revolution"
942 _cBOOK
999 _c1240263
_d1240260